[Event "Reykjavik Open 2026"]
[Site "Reykjavik ISL"]
[Date "2026.03.27"]
[Round "4.93"]
[White "Gilbert, Michael A"]
[Black "Song, Jeffrey"]
[Result "1-0"]
[WhiteElo "1960"]
[BlackElo "1653"]
[WhiteFideId "2068036"]
[BlackFideId "30976987"]
[EventDate "2026.03.25"]

1. d4 Nf6 2. Nf3 d5 3. Bf4 e6 4. e3 Nc6 5. c3 Bd6 6. Bg3 O-O 7. Bb5 Ne4 8. Nbd2
Bd7 9. Nxe4 dxe4 10. Nd2 f5 11. O-O Ne7 12. Be2 Bc6 13. Qc2 Ng6 14. Bh5 Rf6 15.
c4 Ne7 16. c5 Bxg3 17. hxg3 Bb5 18. Nc4 Bxc4 19. Qxc4 Nd5 20. Bd1 Rh6 21. Qe2
Qg5 22. a3 Nf6 23. Qe1 Rf8 24. f4 exf3 25. Bxf3 Nd5 26. Bxd5 exd5 27. Rf3 Re6
28. Qd2 Rfe8 29. Kf2 Re4 30. Re1 g6 31. Qb4 b6 32. cxb6 axb6 33. Qb5 c5 34. dxc5
d4 35. Qb3+ Kg7 36. cxb6 Qd8 37. Re2 f4 38. Rxf4 dxe3+ 39. Kf3 Rxf4+ 40. gxf4
Re7 1-0

[Event "Reykjavik Open 2026"]
[Site "Reykjavik ISL"]
[Date "2026.03.27"]
[Round "4.94"]
[White "Lervik, Anders"]
[Black "Omarsson, Adam"]
[Result "0-1"]
[BlackTitle "CM"]
[WhiteElo "1640"]
[BlackElo "1961"]
[WhiteFideId "1567870"]
[BlackFideId "2311453"]
[EventDate "2026.03.25"]

1. d4 Nf6 2. c4 g6 3. Nc3 Bg7 4. Nf3 O-O 5. Bf4 d6 6. e3 c6 7. Be2 Nbd7 8. Qc2
Qa5 9. h3 e5 10. Bh2 exd4 11. Nxd4 Ne8 12. O-O Nc5 13. Rfd1 Qd8 14. Rab1 a5 15.
Na4 Qe7 16. Nb6 Rb8 17. Nxc8 Rxc8 18. Bg4 Ra8 19. a3 a4 20. Ne2 Rd8 21. Nc3 Ra8
22. Qe2 Be5 23. Bxe5 dxe5 24. Qc2 f5 25. Be2 e4 26. Bf1 Nd6 27. Rd2 Nf7 28. Rbd1
Ne5 29. Na2 Nb3 30. Rd6 Nd3 31. c5 Nbxc5 32. Qc4+ Qf7 33. Bxd3 Nxd3 34. Qxf7+
Rxf7 35. Rd2 Nc5 36. Nc3 Kg7 37. R2d4 b5 38. Ne2 Rc8 39. Nf4 Nd3 40. Rd8 Rxd8
41. Ne6+ Kf6 42. Nxd8 Rc7 43. g4 Ke7 44. gxf5 gxf5 45. Kg2 Nxb2 46. Kg3 Rc8 47.
Nf7 Kf6 48. Rd7 Ke6 49. Nh6 Rf8 50. Kf4 Rf6 0-1

[Event "Reykjavik Open 2026"]
[Site "Reykjavik ISL"]
[Date "2026.03.27"]
[Round "4.95"]
[White "Dunn, Maxim"]
[Black "Nishida, Eito"]
[Result "1-0"]
[WhiteElo "1941"]
[BlackElo "1587"]
[WhiteFideId "456551"]
[BlackFideId "7006357"]
[EventDate "2026.03.25"]

1. d4 Nf6 2. c4 e6 3. Nf3 Bb4+ 4. Nbd2 b6 5. a3 Bxd2+ 6. Qxd2 Bb7 7. e3 Ne4 8.
Qc2 O-O 9. Be2 d6 10. b4 a5 11. Bb2 Na6 12. b5 Nb8 13. O-O Nd7 14. Nd2 Nxd2 15.
Qxd2 Qg5 16. f3 Rae8 17. Rf2 f5 18. Re1 Nf6 19. Bd1 e5 20. dxe5 dxe5 21. Qc3 h5
22. c5 Kh8 23. Bb3 Re7 24. c6 Bc8 25. Rd2 Rfe8 26. a4 g6 27. Red1 f4 28. exf4
Qxf4 29. Ba3 Rg7 30. Rd8 Bf5 31. Bc1 Qh4 32. Rxe8+ Nxe8 33. Qxe5 Nd6 34. Bb2 1-0

[Event "Reykjavik Open 2026"]
[Site "Reykjavik ISL"]
[Date "2026.03.27"]
[Round "4.96"]
[White "Hartmann, Wolfgang"]
[Black "Xu, Ruixi"]
[Result "1-0"]
[WhiteElo "1934"]
[BlackElo "1550"]
[WhiteFideId "12977373"]
[BlackFideId "8640610"]
[EventDate "2026.03.25"]

1. c4 e5 2. Nc3 Nf6 3. g3 g6 4. Bg2 Bg7 5. d3 O-O 6. Nf3 d6 7. O-O Nbd7 8. Rb1
Re8 9. Qc2 Nc5 10. b4 Ne6 11. e3 c6 12. a4 Bd7 13. Ba3 Qc7 14. Rfc1 Rac8 15. Qb3
Red8 16. a5 Rb8 17. Nd2 h5 18. Nb5 cxb5 19. cxb5 Nc5 20. bxc5 Rdc8 21. cxd6 Qxa5
22. Nc4 Qd8 23. Nxe5 Be6 24. Qd1 Ne8 25. Nc4 Bf8 26. Qa4 Bxc4 27. Rxc4 Rxc4 28.
dxc4 Bxd6 29. Bxd6 Nxd6 30. c5 Nc8 31. Rd1 Qe7 32. Qd4 Kh7 33. Qf4 1-0

[Event "Reykjavik Open 2026"]
[Site "Reykjavik ISL"]
[Date "2026.03.27"]
[Round "4.98"]
[White "Yilmaz, Mustafa"]
[Black "Davidsson, Oskar Vikingur"]
[Result "1-0"]
[WhiteTitle "GM"]
[WhiteElo "2582"]
[BlackElo "1933"]
[WhiteFideId "6302718"]
[BlackFideId "2310627"]
[EventDate "2026.03.25"]

1. d4 d5 2. c4 e6 3. Nc3 c6 4. Nf3 dxc4 5. e3 b5 6. a4 Bb4 7. Bd2 a5 8. axb5
Bxc3 9. Bxc3 cxb5 10. b3 Bb7 11. bxc4 b4 12. Bb2 Nf6 13. Bd3 O-O 14. O-O Nbd7
15. Nd2 Nc5 16. Bc2 Nce4 17. Nb1 Qc7 18. Bd3 Ba6 19. Qe2 Rfc8 20. Rc1 Nd6 21.
Nd2 Bb7 22. e4 a4 23. Rab1 Nd7 24. c5 Ne8 25. c6 Bxc6 26. d5 Qb7 27. dxc6 Rxc6
28. Rxc6 Qxc6 29. Bb5 Qb7 30. Qd3 Nef6 31. Bxf6 Nxf6 32. Bxa4 Rxa4 33. Qd8+ 1-0

[Event "Reykjavik Open 2026"]
[Site "Reykjavik ISL"]
[Date "2026.03.27"]
[Round "4.99"]
[White "Prraneeth, Vuppala"]
[Black "Ferzli, Michael"]
[Result "1-0"]
[WhiteTitle "GM"]
[WhiteElo "2515"]
[BlackElo "1930"]
[WhiteFideId "46622373"]
[BlackFideId "5310288"]
[EventDate "2026.03.25"]

1. Nf3 c5 2. g3 Nf6 3. Bg2 d5 4. O-O e6 5. c4 d4 6. d3 Nc6 7. e3 Bd6 8. exd4
cxd4 9. Na3 e5 10. b4 Nxb4 11. Re1 O-O 12. Nxe5 Re8 13. Bf4 Ng4 14. Qd2 Bxe5 15.
Qxb4 Bxf4 16. Rxe8+ Qxe8 17. gxf4 a5 18. Re1 Be6 19. Qxb7 Rb8 20. Qa7 Qd8 21.
Nb5 h5 22. h3 Nh6 23. Nxd4 Bd7 24. c5 Rb2 25. c6 Bxh3 26. Bxh3 Qh4 27. Nf3 Qxh3
28. Re8+ Kh7 29. Ng5+ 1-0

[Event "Reykjavik Open 2026"]
[Site "Reykjavik ISL"]
[Date "2026.03.27"]
[Round "4.100"]
[White "Heidarsson, Mikael Bjarki"]
[Black "Baskin, Robert"]
[Result "0-1"]
[BlackTitle "IM"]
[WhiteElo "1925"]
[BlackElo "2435"]
[WhiteFideId "2317532"]
[BlackFideId "24662402"]
[EventDate "2026.03.25"]

1. d4 Nf6 2. c4 e6 3. g3 d5 4. Bg2 Bb4+ 5. Nd2 O-O 6. Nf3 b6 7. O-O Bb7 8. cxd5
exd5 9. Ne5 Be7 10. Ndc4 Nbd7 11. Bf4 c6 12. Nxd7 Qxd7 13. Ne5 Qe6 14. Rc1 c5
15. e3 h6 16. g4 c4 17. Nxc4 Nxg4 18. Ne5 Nxe5 19. Bxe5 Ba6 20. Re1 Bb4 21. Qa4
Bxe1 22. Qxa6 Bb4 23. Qb5 Rac8 24. Rxc8 Rxc8 25. Bxd5 Qe7 26. a3 Bd6 27. Bxf7+
Qxf7 28. Bxd6 Qf3 29. Qf1 Rc2 30. h3 Rd2 31. Bb4 Rd1 32. Be1 Rc1 33. Kh2 a6 34.
Qg1 Kh7 35. Qf1 Kg8 36. Qg1 b5 37. Qf1 Kh8 38. Qg1 Qe4 39. Qg2 Qxg2+ 40. Kxg2
Rxe1 41. d5 Kg8 42. Kf3 Kf7 43. e4 Kf6 44. h4 Ke5 0-1

[Event "Reykjavik Open 2026"]
[Site "Reykjavik ISL"]
[Date "2026.03.27"]
[Round "4.101"]
[White "Catapano, Alberto Pasquale"]
[Black "Soderstrom, Adrian"]
[Result "0-1"]
[BlackTitle "FM"]
[WhiteElo "1922"]
[BlackElo "2374"]
[WhiteFideId "2856161"]
[BlackFideId "1745786"]
[EventDate "2026.03.25"]

1. d4 d5 2. c4 e6 3. Nc3 c5 4. cxd5 cxd4 5. Qxd4 Nc6 6. Qa4 exd5 7. e4 dxe4 8.
Qxe4+ Be6 9. Bb5 Rc8 10. Nf3 Nf6 11. Qa4 Bd7 12. Qd1 Be7 13. O-O O-O 14. Be3 a6
15. Be2 Qc7 16. h3 Rfd8 17. Qb3 b5 18. Ng5 Be8 19. a4 Na5 20. Qa2 b4 21. Nce4
Qc2 22. Bd1 Qd3 23. Qb1 Qxb1 24. Rxb1 Nc4 25. Bc1 Nd5 26. Nf3 f6 27. Be2 Bg6 28.
Nfd2 Nxd2 29. Nxd2 Bxb1 30. Nxb1 a5 31. Nd2 Nb6 32. Nb3 Nxa4 33. Nxa5 Kf8 34.
Bf3 Nc5 35. Be3 Nd3 36. b3 Bc5 37. Nb7 Bxe3 38. Nxd8 Nxf2 39. Nc6 Ne4+ 40. Kh2
Nd2 41. Re1 Nxf3+ 42. gxf3 Bf4+ 0-1

[Event "Reykjavik Open 2026"]
[Site "Reykjavik ISL"]
[Date "2026.03.27"]
[Round "4.102"]
[White "Balabayeva, Xeniya"]
[Black "Heyl, Thomas"]
[Result "1-0"]
[WhiteTitle "WGM"]
[WhiteElo "2365"]
[BlackElo "1926"]
[WhiteFideId "13719688"]
[BlackFideId "4623371"]
[EventDate "2026.03.25"]

1. d4 Nf6 2. Nf3 d5 3. Bf4 c5 4. e3 e6 5. Nbd2 Nc6 6. c3 cxd4 7. exd4 Be7 8. Bd3
O-O 9. h4 b6 10. Qe2 a5 11. a4 Bb7 12. g4 Qc8 13. h5 Ba6 14. g5 Bxd3 15. Qxd3
Ne8 16. Qe3 Nd6 17. Nh4 Nf5 18. Nxf5 exf5 19. Qh3 Re8 20. Kf1 Bf8 21. Kg2 Ra7
22. Nf3 Re4 23. Qg3 Bd6 24. Rh4 Rxf4 25. Rxf4 Qc7 26. Re1 Ra8 27. Ne5 Nxe5 28.
dxe5 Bxe5 29. Qe3 f6 30. Rxf5 Qd7 31. Qh3 Qxa4 32. gxf6 Bxf6 33. Qf3 Qc6 34.
Rxd5 Rf8 35. Rf5 Qxf3+ 36. Kxf3 a4 37. Re4 a3 38. bxa3 Ra8 39. a4 Bxc3 40. Rb5
Ba5 41. Re7 Rc8 42. Rb7 Rc4 43. Rd5 h6 44. Rd8+ 1-0

[Event "Reykjavik Open 2026"]
[Site "Reykjavik ISL"]
[Date "2026.03.27"]
[Round "4.103"]
[White "Austin, Hazel"]
[Black "Karlinder, Lovis Neo"]
[Result "0-1"]
[WhiteElo "1501"]
[BlackElo "1903"]
[WhiteFideId "39951138"]
[BlackFideId "34664785"]
[EventDate "2026.03.25"]

1. e4 c6 2. Nc3 d5 3. Nf3 dxe4 4. Nxe4 Nf6 5. Nxf6+ exf6 6. d4 Bd6 7. Bd3 O-O 8.
O-O Bg4 9. h3 Bh5 10. c4 Re8 11. Be3 Nd7 12. Be2 Nf8 13. Nh4 Bxe2 14. Qxe2 g6
15. Qg4 h5 16. Qd1 f5 17. Nf3 f4 18. Bd2 Ne6 19. Bc3 Ng5 20. d5 Ne4 21. Qd4 Nxc3
22. Qxc3 cxd5 23. cxd5 Bf8 24. Rad1 Bd6 25. Qb3 b6 26. Rfe1 Qd7 27. Ng5 Qf5 28.
Nf3 Rad8 29. Rxe8+ Rxe8 30. Qd3 Qxd3 31. Rxd3 Kf8 32. Kf1 Ke7 33. Rd2 Kd7 34.
Re2 Rc8 35. Ke1 Bb4+ 36. Kd1 f6 37. Re4 Bd6 38. Re6 Be7 39. Re4 g5 40. Nd2 Rc5
41. Rd4 f5 42. a4 Bf6 43. Rb4 Rxd5 44. Kc2 Bd4 45. f3 Bc5 46. Rb3 Re5 47. Kd1
Re3 48. Rxe3 fxe3 49. Nc4 f4 50. Ne5+ Ke6 51. Nc6 a5 52. Nd8+ Kf5 53. Nf7 Bf8
54. Ke2 g4 55. hxg4+ hxg4 56. Nd8 gxf3+ 57. gxf3 Ke5 58. Kd3 Kd5 59. b3 Be7 60.
Nf7 Kc5 61. Ne5 Bd6 62. Nc4 Bc7 63. Nb2 Kb4 64. Kc2 Kc5 65. Kd3 Bd8 66. Kc2 Kd4
67. Nd3 Bg5 68. Nc1 Bh4 69. Ne2+ Ke5 70. Kd3 Bg5 71. Kc4 Be7 72. Kb5 Bc5 73. Kc4
Kf5 74. Kd5 Bb4 75. Kc6 Bc5 76. Kd5 Bb4 77. Nd4+ Kg5 78. Ke4 Bd6 79. Kd5 Bc5 80.
Ne2 Bb4 81. Ke4 Bd6 82. Kd5 Bc5 83. Ke4 Bd6 84. Kd5 Bc5 85. Ke5 Bb4 86. Nxf4
Bd6+ 0-1

[Event "Reykjavik Open 2026"]
[Site "Reykjavik ISL"]
[Date "2026.03.27"]
[Round "4.105"]
[White "Sigurdardottir, Emilia"]
[Black "Matsunaga, Toma"]
[Result "0-1"]
[WhiteElo "1435"]
[BlackElo "1900"]
[WhiteFideId "2322021"]
[BlackFideId "7005512"]
[EventDate "2026.03.25"]

1. d4 Nf6 2. Nc3 d5 3. Bf4 e6 4. e3 Be7 5. Bd3 a6 6. Nf3 c5 7. O-O O-O 8. Ne5
Nc6 9. Be2 Nd7 10. Nf3 cxd4 11. exd4 Bf6 12. Qd2 b5 13. a3 Nb6 14. b4 Nc4 15.
Bxc4 bxc4 16. b5 axb5 17. Nxb5 Ba6 18. Nc7 Ra7 19. Nxa6 Rxa6 20. c3 Na5 21. Qc2
Nb3 22. Ra2 Qa8 23. Rb2 Re8 24. Ra2 Rxa3 25. Rxa3 Qxa3 26. Bg5 Bxg5 27. Nxg5 g6
28. Qe2 h6 29. Nf3 Ra8 30. Qe3 Qf8 31. Ne5 h5 32. Nd7 Qd8 33. Ne5 Qf6 34. Nd7
Qf5 35. Ne5 Ra2 36. Nf3 Kg7 37. Nh4 Qe4 38. Qg3 Nd2 39. Rc1 Rc2 40. Ra1 Nb3 41.
Rf1 Rc1 42. Rxc1 Nxc1 43. f3 Ne2+ 44. Kf2 Nxg3 45. fxe4 Nxe4+ 46. Ke3 Nxc3 47.
Nf3 Ne4 48. Ke2 f6 49. Ke3 Kf7 50. Ke2 g5 51. Kd1 Nd6 52. Kc2 g4 53. Ne1 Nb5 54.
Kd2 Nxd4 55. Kc3 Nc6 56. Nc2 e5 57. Na3 Ke6 58. Nb5 Kd7 59. h3 gxh3 60. gxh3 Nd4
61. Na3 Kc6 62. Nb1 Kc5 63. Nd2 h4 64. Nf1 Ne2+ 65. Kc2 d4 66. Nh2 e4 67. Ng4
d3+ 68. Kd1 c3 69. Ne3 c2+ 70. Nxc2 dxc2+ 71. Kxc2 Kd4 72. Kd2 Nf4 73. Ke1 Kd3
74. Kf2 e3+ 75. Kf3 e2 76. Kg4 e1=Q 77. Kf3 Qg3# 0-1

[Event "Reykjavik Open 2026"]
[Site "Reykjavik ISL"]
[Date "2026.03.27"]
[Round "4.111"]
[White "Ornolfsson, Magnus P."]
[Black "Kleinert, Juergen"]
[Result "1-0"]
[WhiteTitle "CM"]
[WhiteElo "2160"]
[BlackElo "1863"]
[WhiteFideId "2301016"]
[BlackFideId "4659180"]
[EventDate "2026.03.25"]

1. d4 d5 2. Nf3 Nf6 3. Bf4 a6 4. e3 Bg4 5. c4 dxc4 6. Bxc4 e6 7. Nc3 b5 8. Be2
Nbd7 9. O-O Nb6 10. h3 Bh5 11. Rc1 Bd6 12. Ne5 Bxe2 13. Qxe2 b4 14. Nb1 Bxe5 15.
Bxe5 Ra7 16. Rc6 O-O 17. Rfc1 Ne8 18. Nd2 Nd6 19. Qg4 g6 20. Qg3 Nbc8 21. Qf3 f6
22. Bh2 Qd7 23. Nb3 Ne7 24. R6c5 Kg7 25. h4 h6 26. h5 g5 27. Ra5 Nef5 28. e4 Ne7
29. Nc5 Qc8 30. d5 exd5 31. exd5 g4 32. Qd3 Nb5 33. Ne6+ Kg8 34. Nxf8 Kxf8 35.
d6 Ng8 36. dxc7 1-0

[Event "Reykjavik Open 2026"]
[Site "Reykjavik ISL"]
[Date "2026.03.27"]
[Round "4.113"]
[White "Meeuwissen, Morris"]
[Black "Wall, Tim P"]
[Result "0-1"]
[BlackTitle "FM"]
[WhiteElo "1857"]
[BlackElo "2189"]
[WhiteFideId "40107418"]
[BlackFideId "401641"]
[EventDate "2026.03.25"]

1. Nf3 d5 2. e3 Nf6 3. c4 c6 4. Nc3 Nbd7 5. d4 a6 6. a4 e6 7. Be2 Bd6 8. Qc2 e5
9. dxe5 Nxe5 10. cxd5 cxd5 11. b3 O-O 12. Ba3 Nxf3+ 13. Bxf3 Bxa3 14. Rxa3 d4
15. exd4 Qe7+ 0-1

[Event "Reykjavik Open 2026"]
[Site "Reykjavik ISL"]
[Date "2026.03.27"]
[Round "4.114"]
[White "Gudnyjarson, Sigurdur Pall"]
[Black "Jonsson, Gauti Pall"]
[Result "0-1"]
[WhiteElo "1856"]
[BlackElo "2154"]
[WhiteFideId "2321637"]
[BlackFideId "2309092"]
[EventDate "2026.03.25"]

1. d4 Nf6 2. c4 c5 3. d5 b5 4. cxb5 a6 5. bxa6 e6 6. Nc3 exd5 7. Nxd5 Nxa6 8. g3
Bb7 9. Bg2 Nxd5 10. Bxd5 Bxd5 11. Qxd5 Nb4 12. Qe4+ Be7 13. Nf3 d5 14. Qf5 Qd7
15. Qxd7+ Kxd7 16. O-O Rxa2 17. Rxa2 Nxa2 18. Be3 f6 19. Ra1 Ra8 20. Nd2 Ra6 21.
Nb3 Kc6 22. Bd2 Kb5 23. Kg2 Bd8 24. Kf3 Bb6 25. h4 c4 26. Nc1 Nxc1 27. Rxa6 Kxa6
28. Bxc1 d4 29. Ke4 Kb5 30. Kd5 Kb4 31. g4 Kb3 32. g5 fxg5 33. Bxg5 d3 34. e4
Kxb2 35. Kxc4 Kc2 36. e5 d2 37. Bxd2 Kxd2 38. e6 Bd8 39. h5 Ke2 40. Kd5 Kxf2 41.
Kd6 Kg3 42. Kd7 Bg5 43. e7 Bxe7 44. Kxe7 Kg4 45. Kf7 Kxh5 46. Kxg7 h6 0-1

[Event "Reykjavik Open 2026"]
[Site "Reykjavik ISL"]
[Date "2026.03.27"]
[Round "4.115"]
[White "Acevedo Mendez, Lisseth"]
[Black "Sorensen, Per Settergren"]
[Result "0-1"]
[WhiteTitle "WIM"]
[WhiteElo "1855"]
[BlackElo "2110"]
[WhiteFideId "6502938"]
[BlackFideId "1413872"]
[EventDate "2026.03.25"]

1. d4 Nf6 2. Bf4 b6 3. e3 Bb7 4. Nf3 g6 5. Nc3 Bg7 6. h3 O-O 7. Be2 d6 8. O-O
Nbd7 9. Qd2 Ne4 10. Nxe4 Bxe4 11. Ng5 Bb7 12. c4 h6 13. Nf3 c5 14. d5 g5 15. Bg3
Nf6 16. Bd3 Nh5 17. Rae1 f5 18. Bb1 Bc8 19. Qc2 Nf6 20. Nd2 Rf7 21. h4 b5 22.
hxg5 hxg5 23. b3 b4 24. e4 f4 25. Bh2 Ng4 26. Nf3 e5 27. dxe6 Bxe6 28. Rd1 Nxh2
29. Nxh2 g4 30. f3 g3 31. Qd2 Qh4 0-1

[Event "Reykjavik Open 2026"]
[Site "Reykjavik ISL"]
[Date "2026.03.27"]
[Round "4.116"]
[White "Decosse, Jean-Fabien"]
[Black "Klasinc, Kristjan"]
[Result "1-0"]
[WhiteTitle "CM"]
[WhiteElo "2133"]
[BlackElo "1853"]
[WhiteFideId "622583"]
[BlackFideId "12966460"]
[EventDate "2026.03.25"]

1. d4 d6 2. Nf3 Nf6 3. c4 Nbd7 4. Nc3 e5 5. e4 Be7 6. Be2 O-O 7. O-O c6 8. h3 a6
9. Be3 b5 10. cxb5 cxb5 11. b4 Bb7 12. d5 Rc8 13. Qb3 Nb6 14. Nd2 Nfd7 15. a4
bxa4 16. Nxa4 Bg5 17. Nxb6 Nxb6 18. Bxa6 Bxa6 19. Rxa6 Bxe3 20. Qxe3 Nc4 21.
Nxc4 Rxc4 22. Rb1 f5 23. exf5 Rxf5 24. b5 Rc2 25. b6 Rfxf2 26. Qxf2 Rxf2 27.
Kxf2 Qh4+ 28. Kg1 Qe4 29. Raa1 1-0

[Event "Reykjavik Open 2026"]
[Site "Reykjavik ISL"]
[Date "2026.03.27"]
[Round "4.118"]
[White "Brodtkorb, Lars Johan"]
[Black "Texe, Eirik"]
[Result "1-0"]
[WhiteElo "2118"]
[BlackElo "1846"]
[WhiteFideId "1522728"]
[BlackFideId "1569481"]
[EventDate "2026.03.25"]

1. d4 Nf6 2. c4 e6 3. Nf3 d5 4. g3 Be7 5. Bg2 O-O 6. Nc3 dxc4 7. Ne5 Nc6 8. Bxc6
bxc6 9. Nxc6 Qe8 10. Nxe7+ Qxe7 11. Qa4 c5 12. Qxc4 cxd4 13. Qxd4 Rd8 14. Qh4
Bb7 15. O-O Qc5 16. Be3 Qc6 17. f3 Nd5 18. Rfd1 Rd7 19. Nxd5 Rxd5 20. Rxd5 Qxd5
21. Qd4 Qb5 22. Kf2 Ba6 23. Qd2 Qh5 24. h4 Qf5 25. g4 Qe5 26. Bf4 Qf6 27. h5 e5
28. Bg5 Qb6+ 29. Be3 Qe6 30. Rd1 Qe7 31. h6 e4 32. Bg5 Qc5+ 33. Qe3 Qb5 34. Qxe4
Bb7 35. Qf5 Qb6+ 36. Be3 Qc7 37. Rd7 Qh2+ 38. Ke1 Qh4+ 39. Kd2 Qf6 40. Qxf6 gxf6
41. Rxb7 1-0

[Event "Reykjavik Open 2026"]
[Site "Reykjavik ISL"]
[Date "2026.03.27"]
[Round "4.119"]
[White "Bombek, Peter"]
[Black "Brynjarsson, Orvar Holm"]
[Result "1-0"]
[WhiteTitle "FM"]
[WhiteElo "2112"]
[BlackElo "1845"]
[WhiteFideId "14902230"]
[BlackFideId "2321726"]
[EventDate "2026.03.25"]

1. d4 Nf6 2. Nf3 e6 3. e3 c5 4. Bd3 d5 5. c3 Nc6 6. Nbd2 Bd6 7. O-O O-O 8. dxc5
Bxc5 9. e4 e5 10. exd5 Qxd5 11. Bc4 Qd6 12. Nb3 Qxd1 13. Rxd1 Bb6 14. Bg5 Ne4
15. Be3 Bxe3 16. fxe3 Bf5 17. Bd5 Rfe8 18. Nh4 g6 19. Nxf5 gxf5 20. Bxe4 fxe4
21. Nc5 Na5 22. Nxe4 Re6 23. Rd7 Nc4 24. Rf1 Rf8 25. Rxb7 Nxe3 26. Rf3 Nc4 27.
b3 Nd6 28. Nxd6 Rxd6 29. Rxa7 e4 30. Rg3+ Kh8 31. Kf2 f5 32. Rgg7 1-0

[Event "Reykjavik Open 2026"]
[Site "Reykjavik ISL"]
[Date "2026.03.27"]
[Round "4.120"]
[White "Otto, Michael"]
[Black "Schulz, Jannis"]
[Result "1-0"]
[WhiteElo "1827"]
[BlackElo "2063"]
[WhiteFideId "24617822"]
[BlackFideId "16224710"]
[EventDate "2026.03.25"]

1. e4 c6 2. d4 d5 3. exd5 cxd5 4. c4 Nf6 5. Nc3 Nc6 6. Nf3 e6 7. a3 Be7 8. c5
Ne4 9. Qc2 f5 10. b4 Bf6 11. Bb5 O-O 12. Bxc6 bxc6 13. O-O Qc7 14. Bb2 g5 15.
Ne2 Ba6 16. Ne5 g4 17. Rfe1 Rae8 18. Nf4 Bxe5 19. dxe5 Qf7 20. Bd4 Kh8 21. Reb1
Bc4 22. Be3 Rg8 23. Rb2 Rb8 24. Qc1 Ng5 25. Kh1 Ne4 26. Ne2 h5 27. Nd4 Qg6 28.
Bf4 Rbc8 29. Qe3 h4 30. f3 Ng5 31. Bxg5 Qxg5 32. Qxg5 Rxg5 33. Nxe6 Rg6 34. Nd4
h3 35. f4 Bd3 36. g3 Rg7 37. Kg1 Rb7 38. Kf2 Kg8 39. Ke3 Be4 40. Rc1 a6 41. a4
Rcb8 42. Nxc6 d4+ 43. Nxd4 Rxb4 44. Rxb4 Rxb4 45. c6 Rxa4 46. c7 Ra3+ 47. Kf2
Bb7 48. c8=Q+ Bxc8 49. Rxc8+ Kf7 50. Rc7+ Ke8 51. e6 Ra2+ 52. Rc2 Ra1 53. Nxf5
Kd8 54. Rd2+ Ke8 55. e7 1-0

[Event "Reykjavik Open 2026"]
[Site "Reykjavik ISL"]
[Date "2026.03.27"]
[Round "4.121"]
[White "Gilbert, Alistair"]
[Black "Digernes, Magnus"]
[Result "1/2-1/2"]
[WhiteElo "1820"]
[BlackElo "2047"]
[WhiteFideId "343419160"]
[BlackFideId "1514873"]
[EventDate "2026.03.25"]

1. Nf3 Nf6 2. g3 g6 3. Bg2 Bg7 4. O-O d6 5. d4 O-O 6. Re1 Ne4 7. c3 Nd7 8. Nfd2
Nef6 9. e4 e5 10. Qc2 c5 11. dxe5 dxe5 12. Nc4 Qc7 13. a4 Nb6 14. Nba3 Be6 15.
Bf1 Nxc4 16. Nxc4 Nh5 17. Ne3 Rad8 18. Be2 Nf6 19. c4 Ne8 20. Bd2 Nd6 21. Nd5
Bxd5 22. exd5 f5 23. f4 e4 24. Be3 Qb6 25. Rab1 Qb4 26. Red1 Rc8 27. Kg2 a5 28.
Bd2 Qb6 29. Be3 Bd4 30. Qd2 Bxe3 31. Qxe3 Qb4 32. b3 Rcd8 33. Rf1 Qb6 34. h4 h5
35. Rbc1 Ne8 36. Rc3 Nc7 37. Rd1 Na6 38. Qc1 Qf6 39. Re3 Nb4 40. Rd2 Rd6 41. Qd1
Rfd8 42. Kf2 Nc6 43. Qc1 Nd4 44. Bd1 Rb6 45. Qa3 Rb4 46. Qa2 Rd6 47. Qa3 Ne6 48.
Qb2 Qxb2 49. Rxb2 Nd4 50. Ra2 Rdb6 51. Ra3 Rd6 52. Ra1 Kf7 53. Kg2 Rdb6 54. Ra3
Rd6 55. Ra1 Rbb6 56. Kf2 Ke7 57. Kg2 Rd8 58. Rc1 Rbd6 59. Re1 Kd7 60. Rc3 Kc7
61. Rc1 Rb6 62. Re3 Rb4 63. Kf2 Rd6 64. Ke1 Rdb6 65. Rcc3 Rd6 1/2-1/2

[Event "Reykjavik Open 2026"]
[Site "Reykjavik ISL"]
[Date "2026.03.27"]
[Round "4.122"]
[White "Magnusson, Gisli"]
[Black "Omarsson, Josef"]
[Result "0-1"]
[WhiteElo "1816"]
[BlackElo "2047"]
[WhiteFideId "1437330"]
[BlackFideId "2316102"]
[EventDate "2026.03.25"]

1. e4 c5 2. Nc3 Nc6 3. f4 d6 4. Nf3 Nf6 5. Bb5 Bd7 6. a4 g6 7. O-O Bg7 8. d3 O-O
9. Qe1 Rc8 10. Bxc6 Bxc6 11. f5 Qd7 12. Qh4 a6 13. Bh6 Nh5 14. Bxg7 Kxg7 15. g4
Nf6 16. Ng5 h5 17. gxh5 Rh8 18. fxg6 Rxh5 19. Qg3 fxg6 20. Rf2 Rch8 21. Ne2 Rh4
22. h3 Qc8 23. Nf4 Bd7 24. Nf3 R4h6 25. h4 Bg4 26. Ng2 Nh5 27. Qh2 Bh3 28. Ng5
Be6 29. Raf1 Nf6 30. Nxe6+ Qxe6 31. Qf4 Kf7 32. Rf3 Ke8 33. Qg5 Kd7 34. Qe3 Qe5
35. b3 Rh5 36. Rg3 R5h6 37. Kf2 Qc3 38. Qe2 Rf8 39. Kg1 Rfh8 40. Rg5 Kc8 41. e5
Nh7 42. Qg4+ Kb8 43. Rxg6 Rxg6 44. Qxg6 Qxe5 45. Rf7 Nf6 46. Qg7 Rg8 47. Rf8+
Rxf8 48. Qxf8+ Ka7 49. Qg7 Qe2 50. Qg3 Qxc2 51. Nf4 Qxb3 52. h5 Nxh5 0-1

[Event "Reykjavik Open 2026"]
[Site "Reykjavik ISL"]
[Date "2026.03.27"]
[Round "4.123"]
[White "Larsson, Elin"]
[Black "Snodgrass, Benjamin"]
[Result "1/2-1/2"]
[WhiteElo "1815"]
[BlackElo "2040"]
[WhiteFideId "1771787"]
[BlackFideId "30915422"]
[EventDate "2026.03.25"]

1. e4 c5 2. Nf3 g6 3. d4 cxd4 4. Nxd4 Nc6 5. Nc3 Bg7 6. Be3 Nf6 7. Bc4 O-O 8.
Bb3 a5 9. f3 d5 10. exd5 Nb4 11. Nde2 a4 12. Nxa4 Nfxd5 13. Bd4 Bxd4 14. Qxd4
Rxa4 15. Bxa4 Qa5 16. c3 Qxa4 17. cxb4 Nxb4 18. O-O Qa5 19. Qc3 Qb5 20. Nd4 Qb6
21. Qe3 Nc6 22. Nf5 Qxb2 23. Nxe7+ Nxe7 24. Qxe7 Be6 25. Rab1 Qd4+ 26. Kh1 Bxa2
27. Rxb7 Rd8 28. h3 Qd6 29. Qxd6 Rxd6 30. Ra1 Be6 31. Raa7 h5 32. Kh2 Rd2 33. h4
Kg7 34. Kg3 Rd3 35. Rb4 Rd2 36. Re4 Kf6 37. Ra6 Rb2 38. Rd4 Kg7 39. Ra7 Rc2 40.
Rb4 Rd2 41. Rab7 Ra2 42. Rb2 Ra4 43. R7b4 Ra1 44. Kf4 Kf6 45. Rb5 Rh1 46. Kg3
Rc1 47. Kh2 Rc3 48. Kg1 Ra3 49. Kf2 Rc3 50. Rb8 Kg7 51. Rd2 Rc4 52. Kg3 Ra4 53.
Re2 Kf6 54. Re4 Ra2 55. Rf4+ Kg7 56. Rb7 Rc2 57. Rfb4 Ra2 58. Rb2 Ra4 59. R7b4
Ra3 60. Kf4 Ra1 61. g4 hxg4 62. fxg4 1/2-1/2

[Event "Reykjavik Open 2026"]
[Site "Reykjavik ISL"]
[Date "2026.03.27"]
[Round "4.124"]
[White "Kamp, Aaron"]
[Black "Lekoudis, George"]
[Result "1-0"]
[WhiteElo "2069"]
[BlackElo "1814"]
[WhiteFideId "16231120"]
[BlackFideId "484679"]
[EventDate "2026.03.25"]

1. e4 c5 2. Nf3 d6 3. Bb5+ Nd7 4. a4 a6 5. Bc4 e6 6. Nc3 Ngf6 7. d4 cxd4 8. Nxd4
Be7 9. Bxe6 fxe6 10. Nxe6 Qa5 11. Bd2 Qb6 12. Nd5 Nxd5 13. Nxg7+ Kf7 14. Qh5+
Kxg7 15. Bh6+ Kg8 16. Qxd5# 1-0